| 000 | 00669nam a22001937a 4500 | ||
|---|---|---|---|
| 003 | NALT | ||
| 005 | 20210927151624.0 | ||
| 008 | s2547 th ||||| |||| 00| 0 tha d | ||
| 020 | _a9749243625 | ||
| 040 | _aNALT | ||
| 050 |
_aBJ1548 _bพ334ค |
||
| 100 | 0 | _aพระธรรมกิตติวงศ์ (ทองดี สุรเตโช) | |
| 245 | 1 | 0 | _aบทเรียนชีวิตจาก คำพ่อ คำแม่ |
| 260 | 3 |
_aม.ป.ท. : _b108 สุดยอดไอเดีย, _c2547 |
|
| 300 |
_a208 หน้า ; _b21 ซม. |
||
| 650 | 0 | 4 | _aการดำเนินชีวิต |
| 850 | _aNALT | ||
| 942 |
_cGB _2lcc |
||
| 999 |
_c42670 _d42670 |
||
| 998 |
_j109 _k อารีรัตน์ วิชาช่าง |
||